[Event "Coventry Warwickshire op"]
[Site "Coventry"]
[Date "2019.02.24"]
[Round "5"]
[White "See, Tristian"]
[Black "Talbot, Andrew R"]
[Result "1/2-1/2"]
[WhiteElo "1963"]
[BlackElo "2126"]
[PlyCount "59"]
[EventDate "2019.02.22"]
[EventType "swiss"]
[EventRounds "5"]
[EventCountry "ENG"]
[SourceTitle "CBM 189 Extra"]
[Source "ChessBase"]
[SourceDate "2019.06.03"]
[SourceVersion "1"]
[SourceVersionDate "2019.06.03"]
[SourceQuality "1"]

1. e4 c5 2. Nf3 Nc6 3. Bb5 g6 4. Bxc6 dxc6 5. 0-0 Bg7 6. Nc3 e5 7. d3 Qc7 8. h3 Nf6 9. Be3 b6 10. a4 a5 11. Nd2 Nh5 12. Nc4 Ba6 13. Qf3 0-0 14. Qe2 Nf4 15. Qe1 Ne6 16. Rc1 Rae8 17. b3 f5 18. f3 f4 19. Bd2 Bf6 20. g4 Qd8 21. Qe2 Nd4 22. Qg2 g5 23. Ne2 Rf7 24. Qf2 Kh8 25. Kg2 h5 26. Rh1 Rh7 27. Nxd4 cxd4 28. Rcg1 Ree7 29. Qe1 Re6 30. Kf2 1/2-1/2

[Event "Coventry Warwickshire op"]
[Site "Coventry"]
[Date "2019.02.24"]
[Round "4"]
[White "Talbot, Andrew R"]
[Black "Ireland, David J"]
[Result "0-1"]
[WhiteElo "2126"]
[BlackElo "1931"]
[PlyCount "78"]
[EventDate "2019.02.22"]
[EventType "swiss"]
[EventRounds "5"]
[EventCountry "ENG"]
[SourceTitle "CBM 189 Extra"]
[Source "ChessBase"]
[SourceDate "2019.06.03"]
[SourceVersion "1"]
[SourceVersionDate "2019.06.03"]
[SourceQuality "1"]

1. d4 Nf6 2. c4 c5 3. d5 b5 4. cxb5 a6 5. bxa6 g6 6. Nc3 Bxa6 7. g3 d6 8. Bg2 Bg7 9. Nf3 0-0 10. 0-0 Nbd7 11. Qc2 Qa5 12. h3 Rfb8 13. Bd2 Qb6 14. b3 h6 15. Rab1 Qb7 16. Rfe1 Nb6 17. e4 Nfd7 18. a4 Kh7 19. Na2 Ne5 20. Nxe5 Bxe5 21. Bc3 Nd7 22. f4 Bxc3 23. Qxc3 Qa7 24. Kh2 f6 25. h4 g5 26. e5 fxe5 27. fxe5 Nxe5 28. Rxe5 dxe5 29. Be4+ Kg8 30. Qxe5 Bc8 31. hxg5 c4 32. gxh6 Qf2+ 33. Kh1 Qf6 34. h7+ Kg7 35. Qh5 Bd7 36. d6 cxb3 37. Nb4 exd6 38. Bxa8 Rxa8 39. Nd5 Bc6 0-1

[Event "London e2e4 Diamond Jubilee op"]
[Site "London"]
[Date "2012.06.05"]
[Round "6"]
[White "Batchelor, Peter"]
[Black "Talbot, Andrew R"]
[Result "1-0"]
[WhiteElo "2050"]
[BlackElo "2158"]
[PlyCount "127"]
[EventDate "2012.06.02"]
[EventType "swiss"]
[EventRounds "9"]
[EventCountry "ENG"]
[SourceTitle "CBM 148 Extra"]
[Source "ChessBase"]
[SourceDate "2012.06.22"]
[SourceVersion "1"]
[SourceVersionDate "2012.06.22"]
[SourceQuality "1"]

1. Nf3 Nf6 2. d4 g6 3. g3 Bg7 4. Bg2 0-0 5. c4 d6 6. Nc3 Nc6 7. 0-0 Bg4 8. e4 e5 9. d5 Nd4 10. Be3 Nd7 11. Bxd4 exd4 12. Ne2 f5 13. exf5 Rxf5 14. Nf4 g5 15. Ne6 Qf6 16. Nexd4 Rxf3 17. Bxf3 Bh3 18. Ne6 Bxf1 19. Kxf1 Ne5 20. Be2 c5 21. Kg2 Qf5 22. Rc1 Re8 23. Qc2 Qf6 24. Qe4 Re7 25. Rf1 Bh6 26. b3 Rf7 27. f4 gxf4 28. Nxf4 Bxf4 29. Rxf4 Qg6 30. Qxg6+ hxg6 31. Rxf7 Kxf7 32. Kf2 Kf6 33. Ke3 Kf5 34. h3 Kg5 35. Ke4 Kf6 36. Kf4 g5+ 37. Ke3 Kf5 38. Bd3+ Kf6 39. Bh7 Kg7 40. Bf5 Kf6 41. Ke4 b6 42. h4 gxh4 43. gxh4 a5 44. Kf4 Nf7 45. h5 Ne5 46. h6 Nf7 47. h7 Nh8 48. Bc2 Nf7 49. Ke4 Kg5 50. Kd3 Kf4 51. Kc3 Ke3 52. Bg6 Nh8 53. Bh5 Ke4 54. Be8 Ke3 55. a3 Ke4 56. b4 axb4+ 57. axb4 Ke5 58. bxc5 bxc5 59. Kb3 Kd4 60. Bb5 Ke5 61. Ka4 Kf6 62. Be8 Ke7 63. Bh5 Kd7 64. Ka5 1-0

[Event "London e2e4 Diamond Jubilee op"]
[Site "London"]
[Date "2012.06.05"]
[Round "7"]
[White "Talbot, Andrew R"]
[Black "O'Donnell, Conor"]
[Result "1-0"]
[WhiteElo "2158"]
[BlackElo "1860"]
[PlyCount "105"]
[EventDate "2012.06.02"]
[EventType "swiss"]
[EventRounds "9"]
[EventCountry "ENG"]
[SourceTitle "CBM 148 Extra"]
[Source "ChessBase"]
[SourceDate "2012.06.22"]
[SourceVersion "1"]
[SourceVersionDate "2012.06.22"]
[SourceQuality "1"]

1. d4 Nf6 2. c4 e6 3. Nc3 Bb4 4. Qc2 0-0 5. a3 Bxc3+ 6. Qxc3 Ne4 7. Qc2 f5 8. e3 b6 9. Bd3 Bb7 10. Nf3 Rf6 11. b3 Rg6 12. Rg1 d6 13. Bb2 Nd7 14. 0-0-0 c5 15. d5 exd5 16. cxd5 Bxd5 17. Bc4 Bxc4 18. Qxc4+ Kh8 19. Qd5 Nxf2 20. Rdf1 Ng4 21. Nh4 Rf6 22. Nxf5 Rxf5 23. Qxf5 Nxe3 24. Qf7 Qg5 25. Qf4 Qxf4 26. Rxf4 Kg8 27. Re4 Nd5 28. Re6 Kf7 29. Rxd6 N7f6 30. Bxf6 Nxf6 31. Re1 Rc8 32. Kc2 Rc7 33. h3 h5 34. g3 Kg6 35. Re5 Kf7 36. a4 g6 37. Kc3 Ne8 38. Rd8 Ng7 39. g4 hxg4 40. hxg4 Ne6 41. Rh8 Kg7 42. Re8 Nf4 43. R5e7+ Rxe7 44. Rxe7+ Kf6 45. Rxa7 Kg5 46. Rb7 Kxg4 47. Kc4 g5 48. Rxb6 Kf3 49. Rb8 g4 50. a5 g3 51. Rg8 g2 52. a6 Ne2 53. Rxg2 1-0

[Event "High Wycombe e2e4 op 03"]
[Site "High Wycombe"]
[Date "2012.03.18"]
[Round "4"]
[White "Lane, Peter Christopher"]
[Black "Talbot, Andrew R"]
[Result "0-1"]
[WhiteElo "2050"]
[BlackElo "2146"]
[PlyCount "56"]
[EventDate "2012.03.16"]
[EventType "swiss"]
[EventRounds "5"]
[EventCountry "ENG"]
[SourceTitle "CBM 147 Extra"]
[Source "ChessBase"]
[SourceDate "2012.04.24"]
[SourceVersion "1"]
[SourceVersionDate "2012.04.24"]
[SourceQuality "1"]

1. d4 Nf6 2. Bf4 g6 3. e3 Bg7 4. Nf3 c5 5. c3 Qb6 6. Qb3 d5 7. Na3 0-0 8. Qxb6 axb6 9. Bc7 Ne4 10. Bxb6 Nd7 11. Bc7 Nxc3 12. Bd3 Na4 13. 0-0-0 cxd4 14. exd4 Ndc5 15. Bc2 Ne4 16. Bg3 Bg4 17. Rhe1 Rfc8 18. Kb1 Nac3+ 19. bxc3 Rxa3 20. Kb2 Raxc3 21. Bb3 e6 22. Re3 Rxe3 23. fxe3 Nxg3 24. hxg3 Bh6 25. Re1 Bf5 26. Ka3 Bf8+ 27. Ka4 Bd3 28. Ka5 Rc6 0-1

[Event "BCF-chT1c 1011 (4NCL) Promotion pool"]
[Site "England"]
[Date "2011.04.30"]
[Round "9.12"]
[White "Hawkins, Jonathan J"]
[Black "Talbot, Andrew R"]
[Result "1-0"]
[WhiteElo "2429"]
[BlackElo "2139"]
[PlyCount "29"]
[EventDate "2010.11.06"]
[EventType "team-tourn"]
[EventRounds "4"]
[EventCountry "ENG"]
[SourceTitle "EXT 2012"]
[Source "ChessBase"]
[SourceDate "2011.11.24"]
[SourceVersion "1"]
[SourceVersionDate "2011.11.24"]
[SourceQuality "1"]
[WhiteTeam "Cheddleton"]
[BlackTeam "e2e4.org.uk"]
[WhiteTeamCountry "ENG"]
[BlackTeamCountry "ENG"]

1. d4 Nf6 2. c4 g6 3. Nc3 Bg7 4. e4 d6 5. f3 0-0 6. Be3 e5 7. d5 Nh5 8. g4 Nf4 9. Qd2 c6 10. 0-0-0 Qa5 11. Kb1 cxd5 12. cxd5 Bd7 13. Nge2 Nxe2 14. Bxe2 b5 15. Nxb5 1-0

[Event "BCF-chT1b 1011 (4NCL)"]
[Site "England"]
[Date "2011.01.16"]
[Round "4.18"]
[White "Tidman, Sophie E"]
[Black "Talbot, Andrew R"]
[Result "0-1"]
[WhiteElo "2109"]
[BlackElo "2139"]
[PlyCount "88"]
[EventDate "2010.11.06"]
[EventType "team-tourn"]
[EventRounds "7"]
[EventCountry "ENG"]
[SourceTitle "EXT 2012"]
[Source "ChessBase"]
[SourceDate "2011.11.24"]
[SourceVersion "1"]
[SourceVersionDate "2011.11.24"]
[SourceQuality "1"]
[WhiteTeam "Oxford"]
[BlackTeam "e2e4.org.uk"]
[WhiteTeamCountry "ENG"]
[BlackTeamCountry "ENG"]

1. e4 c5 2. Nf3 d6 3. d4 cxd4 4. Nxd4 Nf6 5. Nc3 a6 6. Be3 e5 7. Nde2 Ng4 8. Nd5 Nxe3 9. Nxe3 Nc6 10. f4 Be7 11. Qd2 exf4 12. Nxf4 0-0 13. 0-0-0 Ne5 14. Ned5 Bg5 15. g3 Be6 16. h4 Bh6 17. Be2 Rc8 18. Kb1 Rc5 19. Qd4 Nc6 20. Qf2 Qa5 21. Qe1 Qa4 22. Bd3 Bxf4 23. gxf4 Bxd5 24. exd5 Nb4 25. Qe4 Qxa2+ 26. Kc1 Nxd3+ 27. Rxd3 Qa1+ 28. Kd2 Qxb2 29. Rb3 Qa2 30. Rhb1 Qa5+ 31. Kc1 Rxd5 32. Rxb7 Qd2+ 33. Kb2 Qd4+ 34. Qxd4 Rxd4 35. Rf1 a5 36. Kc3 Rd5 37. Ra1 Rc8+ 38. Kb3 g6 39. Ra7 Rb5+ 40. Ka4 Rcc5 41. c3 Rb8 42. Rd1 Rc4+ 43. Kxa5 Rxc3 44. Rd4 Kg7 0-1

[Event "BCF-chT1b 1011 (4NCL)"]
[Site "England"]
[Date "2011.01.15"]
[Round "3.17"]
[White "Talbot, Andrew R"]
[Black "Chevannes, Sabrina"]
[Result "1-0"]
[WhiteElo "2139"]
[BlackElo "2074"]
[PlyCount "79"]
[EventDate "2010.11.06"]
[EventType "team-tourn"]
[EventRounds "7"]
[EventCountry "ENG"]
[SourceTitle "EXT 2012"]
[Source "ChessBase"]
[SourceDate "2011.11.24"]
[SourceVersion "1"]
[SourceVersionDate "2011.11.24"]
[SourceQuality "1"]
[WhiteTeam "e2e4.org.uk"]
[BlackTeam "Cambridge"]
[WhiteTeamCountry "ENG"]
[BlackTeamCountry "ENG"]

1. d4 d5 2. c4 e6 3. Nc3 Nf6 4. Nf3 c6 5. Bg5 Nbd7 6. e3 Be7 7. Qc2 0-0 8. Rd1 b6 9. a3 Ba6 10. Qa4 Bxc4 11. Bxc4 dxc4 12. Qxc4 Rc8 13. b4 Nd5 14. Bxe7 Qxe7 15. 0-0 Nxc3 16. Qxc3 Nf6 17. Rc1 c5 18. dxc5 bxc5 19. bxc5 Ne4 20. Qb4 Nxc5 21. Rc4 a5 22. Qxa5 Nb7 23. Qb4 Qxb4 24. Rxb4 Nd6 25. e4 Rc3 26. a4 Rc4 27. Rxc4 Nxc4 28. Rc1 Na5 29. e5 h6 30. Kf1 Ra8 31. Ke2 Kf8 32. Nd4 Rd8 33. Ke3 Ke8 34. Rc5 Nb7 35. Rb5 Rd7 36. a5 Nd8 37. Rb8 Ke7 38. a6 g6 39. Rxd8 Kxd8 40. Nc6+ 1-0

[Event "Uxbridge op"]
[Site "Uxbridge"]
[Date "2010.03.20"]
[Round "2"]
[White "Talbot, Andrew R"]
[Black "Chevannes, Sabrina"]
[Result "1-0"]
[WhiteElo "2141"]
[BlackElo "2022"]
[PlyCount "89"]
[EventDate "2010.03.19"]
[EventType "swiss"]
[EventRounds "5"]
[EventCountry "ENG"]
[SourceTitle "CBM 135 Extra"]
[Source "ChessBase"]
[SourceDate "2010.05.04"]
[SourceVersion "1"]
[SourceVersionDate "2010.05.04"]
[SourceQuality "1"]

1. d4 d5 2. c4 e6 3. Nc3 c6 4. Nf3 Nf6 5. Bg5 Be7 6. e3 Nbd7 7. Qc2 0-0 8. Rd1 Re8 9. Bd3 dxc4 10. Bxc4 b5 11. Bd3 Bb7 12. 0-0 a6 13. e4 h6 14. Bh4 Qb6 15. e5 Nd5 16. Nxd5 cxd5 17. Bxe7 Rxe7 18. b4 Qd8 19. Rc1 Nb6 20. Qe2 Rc7 21. Bb1 Rac8 22. Rc5 Na4 23. Qd3 Nxc5 24. Qh7+ Kf8 25. bxc5 Ke7 26. Qxg7 Qh8 27. Qxh8 Rxh8 28. Nd2 Rcc8 29. Nb3 Rhg8 30. f3 h5 31. Bd3 Kd7 32. Na5 Kc7 33. g3 Rg7 34. Kf2 Rcg8 35. Rb1 Rb8 36. Rb3 Bc6 37. a3 h4 38. g4 b4 39. Nxc6 Kxc6 40. axb4 Ra8 41. Bxa6 Rb8 42. b5+ Kd7 43. Ra3 Ke7 44. b6 Kd8 45. Kg2 1-0

[Event "Uxbridge op"]
[Site "Uxbridge"]
[Date "2009.09.20"]
[Round "5"]
[White "Talbot, Andrew R"]
[Black "Davda, Rahil P"]
[Result "1/2-1/2"]
[WhiteElo "2161"]
[BlackElo "1839"]
[PlyCount "49"]
[EventDate "2009.09.18"]
[EventType "swiss"]
[EventRounds "5"]
[EventCountry "ENG"]
[SourceTitle "CBM 132 Extra"]
[Source "ChessBase"]
[SourceDate "2009.11.03"]
[SourceVersion "1"]
[SourceVersionDate "2009.11.03"]
[SourceQuality "1"]

1. d4 f5 2. g3 g6 3. Bg2 Bg7 4. c3 Nf6 5. Qb3 d5 6. Nh3 e6 7. Nd2 Na6 8. 0-0 0-0 9. Nf3 c5 10. Bf4 h6 11. Be5 g5 12. Nd2 Rf7 13. f3 c4 14. Qc2 Bf8 15. Bxf6 Rxf6 16. e4 b5 17. b3 Bb7 18. bxc4 bxc4 19. Nf2 Qd7 20. exf5 exf5 21. f4 g4 22. Rfe1 Bd6 23. Nf1 Bc6 24. Ne3 Nc7 25. a4 1/2-1/2

[Event "Uxbridge op"]
[Site "Uxbridge"]
[Date "2009.09.20"]
[Round "4"]
[White "Williams, Peter Arthur"]
[Black "Talbot, Andrew R"]
[Result "1/2-1/2"]
[WhiteElo "1961"]
[BlackElo "2161"]
[PlyCount "55"]
[EventDate "2009.09.18"]
[EventType "swiss"]
[EventRounds "5"]
[EventCountry "ENG"]
[SourceTitle "CBM 132 Extra"]
[Source "ChessBase"]
[SourceDate "2009.11.03"]
[SourceVersion "1"]
[SourceVersionDate "2009.11.03"]
[SourceQuality "1"]

1. d4 Nf6 2. c4 g6 3. Nc3 Bg7 4. e4 d6 5. Nf3 0-0 6. h3 e5 7. d5 Nh5 8. g3 a5 9. Nh2 Na6 10. Be2 Nf6 11. Ng4 Nxg4 12. hxg4 f5 13. gxf5 gxf5 14. Bh6 f4 15. Bxg7 Kxg7 16. Qd2 Kh8 17. gxf4 Rxf4 18. 0-0-0 Bd7 19. Rh2 Qe7 20. Bh5 Rg8 21. Rdh1 Nc5 22. f3 b6 23. Qe3 Rg7 24. Ne2 Rf8 25. Rg1 Qf6 26. Rxg7 Qxg7 27. Rh1 Qf6 28. Nc3 1/2-1/2

[Event "Uxbridge op"]
[Site "Uxbridge"]
[Date "2009.09.19"]
[Round "3"]
[White "Talbot, Andrew R"]
[Black "Malhotra, Tarun"]
[Result "1/2-1/2"]
[WhiteElo "2161"]
[BlackElo "1730"]
[PlyCount "102"]
[EventDate "2009.09.18"]
[EventType "swiss"]
[EventRounds "5"]
[EventCountry "ENG"]
[SourceTitle "CBM 132 Extra"]
[Source "ChessBase"]
[SourceDate "2009.11.03"]
[SourceVersion "1"]
[SourceVersionDate "2009.11.03"]
[SourceQuality "1"]

1. d4 d5 2. c4 e6 3. Nc3 Nf6 4. Nf3 c6 5. Bg5 Nbd7 6. e3 Qa5 7. Nd2 Bb4 8. Qc2 0-0 9. Be2 Re8 10. 0-0 Bd6 11. c5 Bb8 12. f4 Qc7 13. Rad1 b6 14. b4 Bb7 15. Bh4 a5 16. a3 axb4 17. axb4 bxc5 18. bxc5 Ba6 19. Bxa6 Rxa6 20. Ra1 Qa7 21. Rac1 Bc7 22. e4 Ra8 23. e5 Ng4 24. Qd3 Nh6 25. Kh1 Nf5 26. Bf2 g6 27. g4 Ng7 28. Rg1 Kh8 29. Qh3 Ba5 30. Nf3 Nf8 31. Nb1 Bd8 32. Rg2 Ra1 33. Rcg1 Rb8 34. Nfd2 Ba5 35. Nb3 Ra2 36. f5 Rb2 37. Qh6 exf5 38. Nxa5 Qxa5 39. Be1 Qb5 40. Nd2 fxg4 41. Bh4 Qd3 42. Bf6 Nfe6 43. Ra1 Qxd4 44. Rf1 Qd3 45. Rd1 d4 46. Rxg4 Qe2 47. Rgg1 d3 48. Rge1 Qg4 49. Rg1 Qe2 50. Rge1 Qg4 51. Rg1 Qe2 1/2-1/2

[Event "BCF-chT4 0607 (4NCL)"]
[Site "Sunningdale"]
[Date "2006.09.24"]
[Round "2.2"]
[White "Gilbert, Jonathan A"]
[Black "Talbot, Andrew R"]
[Result "1-0"]
[WhiteElo "2061"]
[BlackElo "2171"]
[PlyCount "29"]
[EventDate "2006.09.16"]
[EventType "team"]
[EventRounds "11"]
[EventCountry "ENG"]
[SourceTitle "CBM 115 Extra"]
[Source "ChessBase"]
[SourceDate "2007.01.10"]
[SourceVersion "1"]
[SourceVersionDate "2007.01.10"]
[SourceQuality "1"]
[WhiteTeam "Pontypridd"]
[BlackTeam "Warwicks Select II"]
[WhiteTeamCountry "ENG"]
[BlackTeamCountry "ENG"]

1. e4 c5 2. Nf3 d6 3. d4 cxd4 4. Nxd4 Nf6 5. Nc3 a6 6. Bc4 e6 7. Bb3 b5 8. Bg5 Be7 9. Qf3 Qb6 10. 0-0-0 Nbd7 11. Rhe1 0-0 12. Qh3 Nc5 13. f4 Kh8 14. Qh4 h6 15. e5 1-0

[Event "BCF-chT4 0506 (4NCL)"]
[Site "West Bromwich"]
[Date "2006.05.27"]
[Round "9.2"]
[White "Jaunooby, Ali Reza"]
[Black "Talbot, Andrew R"]
[Result "1-0"]
[WhiteElo "2160"]
[BlackElo "2115"]
[PlyCount "75"]
[EventDate "2005.11.05"]
[EventType "team"]
[EventRounds "11"]
[EventCountry "ENG"]
[SourceTitle "CBM 109 Extra"]
[Source "ChessBase"]
[SourceDate "2006.01.03"]
[SourceVersion "2"]
[SourceVersionDate "2006.01.03"]
[SourceQuality "1"]
[WhiteTeam "3CS Oldham II"]
[BlackTeam "Warwicks Select II"]
[WhiteTeamCountry "ENG"]
[BlackTeamCountry "ENG"]

1. d4 Nf6 2. c4 g6 3. g3 Bg7 4. Bg2 0-0 5. Nc3 d6 6. e3 Nc6 7. h3 Bd7 8. Nge2 Qc8 9. d5 Na5 10. Qd3 c5 11. g4 a6 12. Ng3 b5 13. b3 bxc4 14. bxc4 Rb8 15. Bd2 Rb4 16. Nd1 Nxd5 17. Rc1 Nb6 18. Bxb4 cxb4 19. Qb1 Naxc4 20. Qxb4 Ne5 21. Rxc8 Nd3+ 22. Kd2 Nxb4 23. Rc7 Bb5 24. a3 N4d5 25. Rb7 f5 26. gxf5 gxf5 27. Nh5 Bh8 28. f4 Rc8 29. e4 Nc4+ 30. Ke1 Nde3 31. Bf3 Nc2+ 32. Kf2 Bd4+ 33. Kg3 Kf7 34. exf5 Rg8+ 35. Kh2 N2e3 36. Re1 d5 37. Nxe3 Bc6 38. Bxd5+ 1-0

[Event "BCF-chT2 0405 (4NCL)"]
[Site "West Bromwich"]
[Date "2005.04.10"]
[Round "8.6"]
[White "Talbot, Andrew R"]
[Black "Humphreys, Jerry"]
[Result "1/2-1/2"]
[WhiteElo "2179"]
[BlackElo "2100"]
[PlyCount "134"]
[EventDate "2004.09.18"]
[EventType "team"]
[EventRounds "11"]
[EventCountry "ENG"]
[SourceTitle "EXT 2006"]
[Source "ChessBase"]
[SourceDate "2005.11.24"]
[SourceVersion "1"]
[SourceVersionDate "2005.11.24"]
[SourceQuality "1"]
[WhiteTeam "Slough Sharks"]
[BlackTeam "Bristol II"]
[WhiteTeamCountry "ENG"]
[BlackTeamCountry "ENG"]

1. d4 Nf6 2. c4 g6 3. Nc3 d5 4. Nf3 Bg7 5. Qb3 dxc4 6. Qxc4 0-0 7. e4 Nbd7 8. Bf4 c6 9. Rd1 Nb6 10. Qc5 Nh5 11. Bg5 Re8 12. e5 h6 13. Be3 Bf8 14. d5 cxd5 15. Qa5 Bg4 16. Bb5 Nc4 17. Qb4 e6 18. Qb3 Nxe3 19. fxe3 Bxf3 20. gxf3 Qh4+ 21. Ke2 Rec8 22. Rdg1 Qb4 23. Rg4 Qxb3 24. axb3 Ng7 25. Bd3 h5 26. Ra4 a6 27. Rha1 Rab8 28. b4 Nf5 29. Bxf5 gxf5 30. Rg1+ Kh7 31. b5 axb5 32. Rh4 Bh6 33. Rxh5 Rg8 34. Rxg8 Rxg8 35. Nxb5 Rg2+ 36. Kd3 Kg6 37. Rh4 Rxb2 38. Nd4 Ra2 39. f4 Ra3+ 40. Kd2 Ra2+ 41. Kc3 Bf8 42. Rh3 Be7 43. Rg3+ Kh7 44. Rg1 Ra3+ 45. Nb3 b5 46. Kb2 Ra4 47. Kc3 Bb4+ 48. Kb2 Ba3+ 49. Kc2 Rc4+ 50. Kd3 Bb2 51. Nd2 Rc3+ 52. Ke2 Rc1 53. Rg3 b4 54. Rh3+ Kg8 55. Rg3+ Kf8 56. Kd3 Rc3+ 57. Ke2 Ba3 58. Rg1 b3 59. Rb1 b2 60. Re1 Rc1 61. Nb1 Bb4 62. Rd1 Rc2+ 63. Kd3 Rxh2 64. Nc3 Ke7 65. Rb1 Kd7 66. Ne2 Ba3 67. Nd4 Bb4 1/2-1/2

[Event "BCF-chT2 0405 (4NCL)"]
[Site "West Bromwich"]
[Date "2005.04.09"]
[Round "7.6"]
[White "Savory, Richard J"]
[Black "Talbot, Andrew R"]
[Result "1/2-1/2"]
[WhiteElo "2104"]
[BlackElo "2179"]
[PlyCount "94"]
[EventDate "2004.09.18"]
[EventType "team"]
[EventRounds "11"]
[EventCountry "ENG"]
[SourceTitle "EXT 2006"]
[Source "ChessBase"]
[SourceDate "2005.11.24"]
[SourceVersion "1"]
[SourceVersionDate "2005.11.24"]
[SourceQuality "1"]
[WhiteTeam "Micro Mark NWE II"]
[BlackTeam "Slough Sharks"]
[WhiteTeamCountry "ENG"]
[BlackTeamCountry "ENG"]

1. e4 c5 2. Nf3 d6 3. d4 cxd4 4. Nxd4 Nf6 5. Nc3 a6 6. f4 Qc7 7. Bd3 g6 8. Nf3 Nbd7 9. 0-0 Bg7 10. Kh1 e6 11. Qe1 0-0 12. Qh4 b5 13. a3 Bb7 14. f5 d5 15. fxe6 fxe6 16. exd5 exd5 17. Bh6 Nc5 18. Bxg7 Qxg7 19. a4 bxa4 20. Nxa4 Nce4 21. Ng5 Rae8 22. Bxe4 Nxe4 23. Rxf8+ Rxf8 24. Ne6 Qf6 25. Qxf6 Rxf6 26. Nec5 Bc6 27. Nxe4 dxe4 28. Kg1 e3 29. Nc3 Bb7 30. Re1 Re6 31. Nd1 Rd6 32. Nxe3 Rd2 33. Kf1 Bc6 34. Re2 Bb5 35. c4 Rxe2 36. Kxe2 Bc6 37. Kd2 Kf7 38. b4 Ke6 39. Ke2 Ke5 40. Kd3 Be4+ 41. Kc3 Bc6 42. Kd2 Ke4 43. Nc2 h5 44. Kc3 Kf4 45. g3+ Kg4 46. Kd4 Kh3 47. Ke3 Kxh2 1/2-1/2

[Event "Paignton op"]
[Site "Paignton"]
[Date "2004.09.09"]
[Round "6"]
[White "Spice, Alan"]
[Black "Talbot, Andrew R"]
[Result "1-0"]
[WhiteElo "2196"]
[BlackElo "2186"]
[PlyCount "111"]
[EventDate "2004.09.11"]
[EventType "swiss"]
[EventRounds "7"]
[EventCountry "ENG"]
[SourceTitle "EXT 2006"]
[Source "ChessBase"]
[SourceDate "2005.11.24"]
[SourceVersion "1"]
[SourceVersionDate "2005.11.24"]
[SourceQuality "1"]

1. Nc3 c5 2. Nf3 Nf6 3. e4 d6 4. e5 dxe5 5. Nxe5 Nbd7 6. d4 Nxe5 7. dxe5 Qxd1+ 8. Nxd1 Nd5 9. Ne3 Nxe3 10. Bxe3 e6 11. g3 Be7 12. 0-0-0 Bd7 13. Bg2 0-0-0 14. Rd3 Kb8 15. Rhd1 Bc6 16. Rxd8+ Rxd8 17. Rxd8+ Bxd8 18. Bxc6 bxc6 19. Bxc5 h5 20. h4 a6 21. Kd2 Kc8 22. Kd3 Kd7 23. Kc4 g5 24. hxg5 Bxg5 25. f4 Bd8 26. Bf2 Kc7 27. Kb4 Kb7 28. Ka4 Be7 29. c4 Bd8 30. b4 f6 31. b5 fxe5 32. fxe5 Bc7 33. Bd4 cxb5+ 34. cxb5 Bd8 35. Kb4 axb5 36. Kxb5 h4 37. g4 Bg5 38. Bf2 Bf4 39. Be1 Bxe5 40. g5 Kc7 41. g6 Bd4 42. Bf2 Bg7 43. a4 h3 44. a5 Bf6 45. a6 Kc8 46. Bb6 Kb8 47. Kc6 Bg7 48. Kd6 e5 49. Kd5 Kc8 50. Ke6 e4 51. Kd5 e3 52. Bxe3 Kc7 53. Ke6 Kc6 54. a7 Kb7 55. Kf7 Bc3 56. Bg5 1-0

[Event "Paignton op"]
[Site "Paignton"]
[Date "2004.09.08"]
[Round "5"]
[White "Talbot, Andrew R"]
[Black "Regis, David"]
[Result "1-0"]
[WhiteElo "2186"]
[BlackElo "2080"]
[PlyCount "93"]
[EventDate "2004.09.11"]
[EventType "swiss"]
[EventRounds "7"]
[EventCountry "ENG"]
[SourceTitle "EXT 2006"]
[Source "ChessBase"]
[SourceDate "2005.11.24"]
[SourceVersion "1"]
[SourceVersionDate "2005.11.24"]
[SourceQuality "1"]

1. d4 e6 2. c4 b6 3. e4 Bb7 4. Nc3 Bb4 5. f3 Qh4+ 6. g3 Bxc3+ 7. bxc3 Qh5 8. Bg2 f5 9. e5 Ne7 10. Nh3 0-0 11. Ba3 Qe8 12. Kf2 Na6 13. Rb1 h6 14. Nf4 g5 15. Bxe7 Qxe7 16. Ng6 Qa3 17. Nxf8 Qxa2+ 18. Qe2 Qxe2+ 19. Kxe2 Kxf8 20. c5 Bd5 21. cxb6 cxb6 22. Kf2 Nc7 23. h4 gxh4 24. Rxh4 Kg7 25. Rhh1 Rc8 26. Rhc1 Bc4 27. Bf1 Nd5 28. Bxc4 Rxc4 29. Rb3 a5 30. Ke2 f4 31. Kd3 Rc6 32. gxf4 Nxf4+ 33. Ke4 a4 34. Ra3 Nd5 35. f4 b5 36. f5 b4 37. Rg1+ Kf8 38. cxb4 Nc3+ 39. Kd3 Nb5 40. Rxa4 exf5 41. d5 Rc3+ 42. Kd2 Rc4 43. Ra8+ Kf7 44. Rag8 Rd4+ 45. Kc2 Rxd5 46. R1g7+ Ke6 47. Re8# 1-0

[Event "Paignton op"]
[Site "Paignton"]
[Date "2004.09.07"]
[Round "4"]
[White "Hempson, Peter W"]
[Black "Talbot, Andrew R"]
[Result "1-0"]
[WhiteElo "2172"]
[BlackElo "2186"]
[PlyCount "93"]
[EventDate "2004.09.11"]
[EventType "swiss"]
[EventRounds "7"]
[EventCountry "ENG"]
[SourceTitle "EXT 2006"]
[Source "ChessBase"]
[SourceDate "2005.11.24"]
[SourceVersion "1"]
[SourceVersionDate "2005.11.24"]
[SourceQuality "1"]

1. d4 Nf6 2. c4 g6 3. Nc3 Bg7 4. e4 d6 5. f3 0-0 6. Be3 c5 7. dxc5 dxc5 8. Qxd8 Rxd8 9. Bxc5 Nc6 10. Nge2 Nd7 11. Ba3 Nde5 12. Ng3 Be6 13. Nd5 Bxd5 14. cxd5 Nd4 15. 0-0-0 Rdc8+ 16. Kb1 Bh6 17. Bd3 e6 18. Bd6 f6 19. dxe6 Nxe6 20. Ne2 Rd8 21. Bxe5 fxe5 22. Bc4 Kf7 23. Nc3 Rac8 24. Rxd8 Rxd8 25. Rd1 Rxd1+ 26. Nxd1 Ke7 27. Bxe6 Kxe6 28. Kc2 Bf4 29. g3 Bg5 30. Kd3 Bd8 31. a4 h5 32. h3 h4 33. gxh4 Bxh4 34. Nc3 Bd8 35. Nd5 g5 36. Kc4 Kd6 37. b4 a5 38. bxa5 Bxa5 39. Kb5 Bd8 40. Nb6 Ke6 41. Nc4 Bc7 42. Na5 Kf6 43. Nxb7 Kg6 44. Kc6 Bb8 45. Nd6 Kh5 46. Nf5 Ba7 47. a5 1-0

[Event "Paignton op"]
[Site "Paignton"]
[Date "2004.09.06"]
[Round "3"]
[White "Talbot, Andrew R"]
[Black "Norinkeviciute, Rasa"]
[Result "1/2-1/2"]
[WhiteElo "2186"]
[BlackElo "2032"]
[PlyCount "50"]
[EventDate "2004.09.11"]
[EventType "swiss"]
[EventRounds "7"]
[EventCountry "ENG"]
[SourceTitle "EXT 2006"]
[Source "ChessBase"]
[SourceDate "2005.11.24"]
[SourceVersion "1"]
[SourceVersionDate "2005.11.24"]
[SourceQuality "1"]

1. d4 Nf6 2. c4 e6 3. Nc3 Bb4 4. Qc2 c5 5. dxc5 Qa5 6. Bd2 Qxc5 7. e3 d5 8. a3 Bxc3 9. Bxc3 Nbd7 10. Nf3 Qc7 11. Rc1 0-0 12. b4 dxc4 13. Bxf6 Nxf6 14. Bxc4 a6 15. 0-0 Bd7 16. Bd3 Qxc2 17. Rxc2 Rac8 18. Rfc1 Rxc2 19. Rxc2 Rc8 20. Rxc8+ Bxc8 21. Ne5 Kf8 22. Kf1 Ke7 23. Ke2 h6 24. g3 Nd7 25. Nxd7 Bxd7 1/2-1/2